000 00700cam a22002413a 4500
001 31239
003 PGUSA
005 20140828083657.0
008 100209s2010||||xxu|||||s|||||000 | eng d
040 _aPGUSA
_beng
042 _adc
050 4 _aDJ
100 1 _aHeijnes, Hendrik Jacobus,
_d-1936
245 1 0 _aBij ons in Noord-Holland
_h[electronic resource] /
_cHendrik Jacobus Heijnes
260 _bProject Gutenberg,
_c2010
506 _aPublic domain in the USA.
516 _aElectronic text
653 _aNorth Holland (Netherlands)
700 1 _aNoorden, Frans van,
_d1887-1961
830 0 _aProject Gutenberg
_v31239
856 4 0 _uhttp://www.gutenberg.org/ebooks/31239
942 _cEB
999 _c260494
_d260494